| 000 | 00701nam a22002297a 4500 | ||
|---|---|---|---|
| 001 | 1233 | ||
| 005 | 20230808165647.0 | ||
| 008 | 230808b cb ||||| |||| 00| 0 eng d | ||
| 020 | _a9781445465814 | ||
| 040 |
_aFISKH _beng _cFISKH _dFISKH |
||
| 050 | _aPZ8.B815 | ||
| 082 | _a080 | ||
| 100 | _aBrown, Margaret Wise | ||
| 245 |
_aGoodnight little one _cby Margaret Wise Brown author of goodnight moond illustrated by Rebecca Elliot |
||
| 260 |
_aBath : _bParragon, _c2012. |
||
| 300 |
_a26 unnumbered Pages : _c30 cm. |
||
| 505 | _aF | ||
| 520 | _aJoin a variety of animals as they settle in for the night. | ||
| 521 |
_a400
_bLexile estimate |
||
| 521 |
_aF
_bRaz-Plus |
||
| 942 |
_2ddc _cBK _n0 |
||
| 999 |
_c1233 _d1233 |
||